Histoire des voyages de Scarmentado: Contes choisis
Uloženo v:
| Hlavní autor: | |
|---|---|
| Médium: | Kniha |
| Jazyk: | francouzština |
| Vydáno: |
Arcadia
2003
|
| Edice: | Collection Rêves et Découvertes
|
| Témata: | |
| Tagy: |
Přidat tag
Žádné tagy, Buďte první, kdo vytvoří štítek k tomuto záznamu!
|
MARC
| LEADER | 00000nam a2200000 a 4500 | ||
|---|---|---|---|
| 001 | UCH1307 | ||
| 003 | CL-VaPUC | ||
| 008 | 090420e20031000FR |||||||||||||||||fre|d | ||
| 082 | 0 | 4 | |a 848 |b VOL |2 21 |
| 100 | 0 | |a Voltaire, Francois Marie Arouet de |e author |9 516985 | |
| 245 | 1 | 0 | |a Histoire des voyages de Scarmentado: Contes choisis |
| 300 | |a 125 p | ||
| 942 | |c BK | ||
| 945 | |d 20090420 00:00:00 |a dcastane | ||
| 260 | |b Arcadia |c 2003 | ||
| 650 | 0 | |a Novela francesa |9 264985 | |
| 650 | 0 | |a Cuentos |9 308079 | |
| 650 | 0 | |a Sátira |9 313713 | |
| 650 | 0 | |a Viajes |9 257115 | |
| 583 | |a last modification |c 20130608 04:53:41 |k Rodrigo Vera | ||
| 490 | 0 | |a Collection Rêves et Découvertes | |
| 999 | |c 333358 |d 333356 | ||
| 952 | |0 0 |1 0 |4 0 |6 848_000000000000000_VOL_2003 |7 0 |8 A |9 421707 |a BIBEDU |b BIBEDU |d 2019-11-22 |i 4518454 |o 848 VOL 2003 |p 4518454 |r 2019-11-22 |w 2019-11-22 |y BK |k FIL | ||